000 00553nam a22001817a 4500
005 20251108165258.0
008 250721s1968 xx 000 0 ara d
082 1 4 _a923.144/لوي
100 1 _aجوانفيل،
245 1 0 _aالقديس لويس حياته و حملاته على مصر و الشام /
264 1 _aالقاهرة :
_bدار المعارف،
_c1968.
300 _a322ص
650 1 7 _aالتراجم
650 1 7 _aالحكام و الملوك
700 1 _aحبشي، حسن
_eترجمة
942 _2ddc
_cBK
999 _c23981
_d23981